Prvky marketingového mixu podniku diplomová práca

Na minha lista:
Detalhes bibliográficos
Autor principal: Varga, Igor
Autor Corporativo: Obchodná fakulta EU. Katedra marketingu
Outros Autores: Kita, Jaroslav
Formato: Livro
Idioma:eslovaco
Publicado em: Bratislava 2013
Tags: Adicionar Tag
Sem tags, seja o primeiro a adicionar uma tag!

MARC

LEADER 00000nbm a2200000 4500
001 0169693
005 20161109102320.3
041 0 |a slo 
044 |a SK 
245 1 0 |a Prvky marketingového mixu podniku  |b diplomová práca  |c Igor Varga ; školiteľ: Pavol Kita 
264 1 |a Bratislava  |c 2013 
300 |a 60 s. 
100 1 |a Varga, Igor 
700 1 |a Kita, Jaroslav 
710 2 |a Obchodná fakulta EU. Katedra marketingu